| 000 | 00567nam a2200193 a 4500 | ||
|---|---|---|---|
| 005 | 20220812063904.0 | ||
| 008 | 991125s1970 ea 000 0 eng u | ||
| 035 | _aUPN01000002867 | ||
| 049 | _aCG | ||
| 050 | 4 |
_aLB1027 _bF5.2 |
|
| 100 | 1 | _aFlanders, Ned A. | |
| 245 | 1 | 0 |
_aAnalyzing teaching behavior / _cNed A. Flanders. |
| 260 |
_aReading, Mass. : _bAddison-Wesley, _c1970. |
||
| 300 | _a448 p. | ||
| 440 | 0 | _aAddison-Wesley series in education | |
| 650 | 4 |
_aInnovaciones educativas _9386 |
|
| 650 | 4 |
_aEducación _xMétodos experimentales _95868 |
|
| 905 | _aLibro | ||
| 999 |
_c2867 _d2867 |
||